000 00474nam a2200145Ia 4500
008 100204s9999 xx 000 0 und d
082 _b4424
100 _aनाडकर्णी सुरेश
245 _aबंडू वयात येतो
260 _b"आत्मा प्रकाशन, मुंबई"
300 _a100
630 _aबंडू वयात येतो
730 _aबंडू वयात येतो
942 _cBOOK
999 _c449173
_d449170